Pays les plus athées - Statistiques

Statistiques générales
  • Ce quiz a été pris 129 fois
  • Le résultat moyen est 6 sur 11
Statistiques - réponses
Pourcentage d’athées (%) Pays % Correct
29 France
96%
47 Chine
76%
31 Japon
72%
15 Allemagne
70%
15 Corée du Sud
59%
14 Pays-Bas
59%
10 Australie
58%
10 Irlande
43%
10 Islande
43%
10 Autriche
39%
30 République Tchèque
31%
Aucun quiz correspondant
Distribution des résultats
% des personnes avec chaque résultat
Percentile par nombre de réponses
Votre historique - résultats
Vous n’avez pas pris ce quiz